000 nam a22 7a 4500
999 _c7350
_d7350
008 170816b xxu||||| |||| 00| 0 eng d
100 _a CBSE
_93888
245 _a10 Years chapter - wise solutions computer science
260 _aNew delhi
_bOswell Books